000 00402nam a2200133Ia 4500
005 20260326235456.0
008 260326s9999||||xx |||||||||||||| ||und||
100 _aBoils Morales, Guillermo
245 0 _aArquitectura y sociedad en Querétaro (Siglo XVIII) /
_cGuillermo Boils Morales
260 _bGobierno del Estado de Querétaro
300 _a225 p.
650 _aARQUITECTURA COLONIAL
942 _cBK
999 _c7941
_d7941